Využitie biomasy
Z obsahu: Slovensko využíva len štvrtinu energetického potenciálu biomasy. Niektorým výrobcom sa darí, iní nepochodili. Ceny ovplyvňuje sezóna a odoberané množstvo. Bývalá zdravotná sestra dokázala, že to ide. Verner začína pociťovať oživenie trhu. Príklad Klokočova majú nasledovať vyše dve desiatky...
Salvato in:
| Autore principale: | |
|---|---|
| Altri autori: | |
| Natura: | Capitolo di libro |
| Lingua: | slovacco |
| Soggetti: | |
| Tags: |
Nessun Tag, puoi essere il primo ad aggiungerne!!
|
MARC
| LEADER | 00000naa a2200000 4500 | ||
|---|---|---|---|
| 001 | r046903 | ||
| 005 | 20230921113634.4 | ||
| 041 | 0 | |a slo | |
| 044 | |a SK | ||
| 245 | 1 | 0 | |a Využitie biomasy |c Karel Hirman, Milan Velecký |
| 520 | |a Z obsahu: Slovensko využíva len štvrtinu energetického potenciálu biomasy. Niektorým výrobcom sa darí, iní nepochodili. Ceny ovplyvňuje sezóna a odoberané množstvo. Bývalá zdravotná sestra dokázala, že to ide. Verner začína pociťovať oživenie trhu. Príklad Klokočova majú nasledovať vyše dve desiatky obcí. | ||
| 610 | 2 | 0 | |a bioenergetika |
| 610 | 2 | 0 | |a odpad |
| 610 | 2 | 0 | |a drevo |
| 610 | 2 | 0 | |a vývoz |
| 610 | 2 | 0 | |a ceny |
| 610 | 2 | 0 | |a využitie odpadu |
| 610 | 2 | 0 | |a Slovensko |
| 100 | 1 | |a Hirman, Karel | |
| 700 | 1 | |a Velecký, Milan | |